1423 1515 1158 1948 1368 1192 1118 1540 1060 1621 1243 1947 1734 1071 1961 1951 1577 1736 1728 1970 1536 1140 1062 1727 1582 1381 1057 1075 1562 1679 1658 1906 1095 1969 1323 1919 1099 1513 1740 1284 1586 1146 1994 1435 1370 1077 1744 1261 1623 1663 1168 1806 1641 1430 1557 1702 1380 1787 1070 1929 1335 1468 1989 1918 1960 1557 1161 1395 1681 1182 1539 1380 1733 1292 1388 1243 1227 1802 1440 1826 1300 1527 1746 1263 1748 1664 1330 1205 1210 1867 1718 1321 1821 1160 1844 1661 1369 1605 1110 BCNSPRNW ULIB Ver.6.0+V

เปลี่ยนเป็นภาษาไทย

Change to English
 แสดงรายละเอียดบรรณานุกรม
  กลับหน้าหลัก

Brief Record : Get Marc (ISO 2709) : E-mail record : QR code < ปิดหน้าต่าง
LEADER : 00000nam 2200000uu 4500
001    13399122651
003     ULIB
008    130821s2554||||th 000 0 tha d
020    ^a9789746725729
060  4 ^aWY161 น516ก
100    ^aนัทธมน วุทธานนท์,^eบรรณาธิการ
245    ^aการปฎิบัติการพยาบาลในคลินิกศัลยกรรม /^cนัทธมน วุทธานนท์,บรรณาธิการ
250    ^aพิมพ์ครั้งที่ 1
260    ^aเชียงใหม่ :^bมหาวิทยาลัยเชียงใหม่,^c2554
300    ^a174 หน้า
650    ^aการพยาบาล ศัลยศาสตร์
710 1  มหาวิทยาลัยเชียงใหม่.^bโครงการตำราคณะพยาบาลศาสตร์
945    ^p250^l0^i20105
945    ^p250^l0^i20106
945    ^p250^l0^i20107
999    ^aทศพร เกษรทอง
รายการนี้ยังไม่มีแท็ก
คุณยังไม่ได้ล็อกอิน คุณสามารถมีกิจกรรมร่วมกับเว็บไซต์ได้ แต่ต้องล็อกอินก่อน ::
  ล็อกอิน

รายการสื่อสารสนเทศ

ลำดับที่ ประเภท เลขเรียก/บาร์โค้ด สถานที่ สถานะ
1. Book การพยาบาล
Book การพยาบาล
สถานะ=หนังสือเก่า
WY161 น516ก ฉ.1 
  Barcode: 20105
ห้องสมุดวิทยาเขตนครสวรรค์
►ส่วนจัดเก็บหนังสือเก่า นว.
บนชั้น
  ขอยืม
2. Book การพยาบาล
Book การพยาบาล
สถานะ=หนังสือเก่า
WY161 น516ก ฉ.2 
  Barcode: 20106
ห้องสมุดวิทยาเขตนครสวรรค์
►ส่วนจัดเก็บหนังสือเก่า นว.
บนชั้น
  ขอยืม
3. Book การพยาบาล
Book การพยาบาล
สถานะ=หนังสือเก่า
WY161 น516ก ฉ.3 
  Barcode: 20107
ห้องสมุดวิทยาเขตนครสวรรค์
►ส่วนจัดเก็บหนังสือเก่า นว.
บนชั้น
  ขอยืม

BibComment


ยังไม่เคยถูกคอมเมนท์

คอมเมนท์ทรัพยากรรายการนี้
  คอมเมนท์: การปฎิบัติการพยา..


 Copyright 2026. Bcnsprnw @Library